| 000 | 01103cam a22003373a 4500 | ||
|---|---|---|---|
| 001 | 18688 | ||
| 003 | PGUSA | ||
| 005 | 20140828083410.0 | ||
| 008 | 060626s2006||||xxu|||||s|||||000 1 eng d | ||
| 040 |
_aPGUSA _beng |
||
| 042 | _adc | ||
| 050 | 4 | _aPZ | |
| 100 | 1 |
_aWarner, Susan, _d1819-1885 |
|
| 245 | 1 | 0 |
_aDaisy in the Field _h[electronic resource] / _cSusan Warner |
| 260 |
_bProject Gutenberg, _c2006 |
||
| 506 | _aPublic domain in the USA. | ||
| 516 | _aElectronic text | ||
| 653 | _aInheritance and succession -- Juvenile fiction | ||
| 653 | _aCousins -- Juvenile fiction | ||
| 653 | _aUnited States -- History -- Civil War, 1861-1865 -- Juvenile fiction | ||
| 653 | _aSoldiers -- Juvenile fiction | ||
| 653 | _aLove -- Juvenile fiction | ||
| 653 | _aStudents -- Juvenile fiction | ||
| 653 | _aConduct of life -- Juvenile fiction | ||
| 653 | _aChristian life -- Juvenile fiction | ||
| 653 | _aSlavery -- Juvenile fiction | ||
| 653 | _aGovernesses -- Juvenile fiction | ||
| 830 | 0 |
_aProject Gutenberg _v18688 |
|
| 856 | 4 | 0 | _uhttp://www.gutenberg.org/ebooks/18688 |
| 942 | _cEB | ||
| 999 |
_c247943 _d247943 |
||